<?xml version="1.0" encoding="UTF-8"?>
<record
    xmlns:xsi="http://www.w3.org/2001/XMLSchema-instance"
    xsi:schemaLocation="http://www.loc.gov/MARC21/slim http://www.loc.gov/standards/marcxml/schema/MARC21slim.xsd"
    xmlns="http://www.loc.gov/MARC21/slim">

  <leader>00840nam a2200205Ia 4500</leader>
  <controlfield tag="003">OSt</controlfield>
  <controlfield tag="005">20240322092345.0</controlfield>
  <controlfield tag="008">210210b2003   xxu||||| |||| 00| 0 eng d</controlfield>
  <datafield tag="040" ind1=" " ind2=" ">
    <subfield code="c">AL</subfield>
  </datafield>
  <datafield tag="041" ind1=" " ind2=" ">
    <subfield code="a">Kannada</subfield>
  </datafield>
  <datafield tag="082" ind1=" " ind2=" ">
    <subfield code="a">K894.8 MALS</subfield>
  </datafield>
  <datafield tag="100" ind1=" " ind2=" ">
    <subfield code="a">MALINI MALYA (B), Ed.</subfield>
    <subfield code="9">92976</subfield>
    <subfield code="d">&#xCAE;&#xCBE;&#xCB2;&#xCBF;&#xCA8;&#xCBF; &#xCAE;&#xCB2;&#xCCD;&#xCAF; (&#xCAC;&#xCBF;)</subfield>
  </datafield>
  <datafield tag="245" ind1=" " ind2=" ">
    <subfield code="a">Shivarama Karantara sahitya shreni: samputa 17 kadambari 16; ukkida nore;kevala manushyaru</subfield>
    <subfield code="b">&#xCB6;&#xCBF;&#xCB5;&#xCB0;&#xCBE;&#xCAE; &#xC95;&#xCBE;&#xCB0;&#xC82;&#xCA4; &#xCB8;&#xCBE;&#xCB9;&#xCBF;&#xCA4;&#xCCD;&#xCAF; &#xCB6;&#xCCD;&#xCB0;&#xCC7;&#xCA3;&#xCBF; : &#xCB8;&#xC82;&#xCAA;&#xCC1;&#xC9F; &#xCE7;&#xCED; , &#xC95;&#xCBE;&#xCA6;&#xC82;&#xCAC;&#xCB0;&#xCBF; &#xCE7;&#xCEC; : &#xC89;&#xC95;&#xCCD;&#xC95;&#xCBF;&#xCA6; &#xCA8;&#xCCA;&#xCB0;&#xCC6;, &#xC95;&#xCC7;&#xCB5;&#xCB2; &#xCAE;&#xCA8;&#xCC1;&#xCB7;&#xCCD;&#xCAF;&#xCB0;&#xCC1; </subfield>
  </datafield>
  <datafield tag="260" ind1=" " ind2=" ">
    <subfield code="a">Bengaluru.</subfield>
    <subfield code="b">Kannada Mattu Samskrathi Nirdeshanalaya.,</subfield>
    <subfield code="c">2003</subfield>
  </datafield>
  <datafield tag="300" ind1=" " ind2=" ">
    <subfield code="a">x,443</subfield>
  </datafield>
  <datafield tag="440" ind1=" " ind2=" ">
    <subfield code="a">17</subfield>
    <subfield code="9">92977</subfield>
  </datafield>
  <datafield tag="690" ind1=" " ind2=" ">
    <subfield code="a">Kannada Collections</subfield>
    <subfield code="9">92978</subfield>
  </datafield>
  <datafield tag="906" ind1=" " ind2=" ">
    <subfield code="a">060172</subfield>
  </datafield>
  <datafield tag="942" ind1=" " ind2=" ">
    <subfield code="2">ddc</subfield>
    <subfield code="c">BK</subfield>
  </datafield>
  <datafield tag="999" ind1=" " ind2=" ">
    <subfield code="c">107136</subfield>
    <subfield code="d">107136</subfield>
  </datafield>
  <datafield tag="952" ind1=" " ind2=" ">
    <subfield code="0">0</subfield>
    <subfield code="1">0</subfield>
    <subfield code="2">ddc</subfield>
    <subfield code="4">0</subfield>
    <subfield code="7">0</subfield>
    <subfield code="8">KAN</subfield>
    <subfield code="a">AL</subfield>
    <subfield code="b">AL</subfield>
    <subfield code="d">2021-02-17</subfield>
    <subfield code="e">Kannada mattu samskrati nirdeshanalaya, Bengaluru</subfield>
    <subfield code="g">50.00</subfield>
    <subfield code="l">0</subfield>
    <subfield code="o">K894.8 MALS</subfield>
    <subfield code="p">060172</subfield>
    <subfield code="r">2021-02-17 00:00:00</subfield>
    <subfield code="w">2021-02-17</subfield>
    <subfield code="y">BK</subfield>
  </datafield>
</record>
